00558nam a2200181Ia 450000500170000000800410001702000180005804100120007608200190008810000150010724501040012226000400022630000210026665000240028765000180031165000230032970000240035220260429111949.0260429s9999||||xx |||||||||||||| ||und|| a9781032520117 aEnglish a809.94811bIND aIndra, C T 0aColonial authority and Tamil scholarship : ba study of he first English translations / cC T Indra aUnited States : bRoutledge,c2024. axix, 200 p.; pbk a Colonial authority a Tamil region aLiterary criticism a Jagannathan, Prema